| 000 | 00604nam a2200181Ia 4500 | ||
|---|---|---|---|
| 005 | 20250423100451.0 | ||
| 008 | 250422s9999 xx 000 0 und d | ||
| 020 | _a9789785236736 | ||
| 050 | _aSB 379.P2 .O59/ | ||
| 100 | _aOnwualu, A. P. | ||
| 245 | 0 | _aPawpaw: production, utilization and post harvest technology | |
| 260 | _aAbuja | ||
| 260 | _bRaw Materials Research and Development Council | ||
| 260 | _c2013 | ||
| 300 | _a105 p | ||
| 650 | _a Papaya--Handbooks, manuals, etc. Papaya--Economic aspects. Tropical fruit industry--Technological innovations--Nigeria. | ||
| 942 | _cBK | ||
| 999 |
_c33393 _d33393 |
||